=LDR 00000nam 2200000 4500 =001 INLIS000000000026706 =005 20200407083229 =035 ##$$a 0010-061300000026706 =008 200407################g##########0#ind## =041 ##$$a ind =082 ##$$a 2x1 =090 ##$$a 2x1, KHA a =100 1#$$a Khalafullah, Muhammad A =245 1#$$a Al-Qur'an bukan "Kitab Sejarah", : $b Seni, sastra, dan moralitas dalam kisah-kisah al-Qur'an, /$c Muhammad A. Khalafullah; penerjemah, Zuhairi Misrawi, Anis Mafrukhim =260 ##$$a Jakarta :$b Paramadina,$c 2002 =300 ##$$a 380 hlm., ; $c 16 x 24 cm =650 #4$$a Al-Qur'an =850 ##$$a NBPNMAT =020 ##$$a 979-8321-67-7 =084 ##$$a 2x1 KHA a =710 #$$a Misrawi, Zuhairi =250 ##$$a cet.1 =990 ##$$a 20702652